| 000 | 01023nam a2200265Ia 4500 | ||
|---|---|---|---|
| 999 |
_c52957 _d52957 |
||
| 001 | 19988 | ||
| 003 | GE_BSU | ||
| 005 | 20200526230649.0 | ||
| 008 | 181216s2004||||ge |||||||||||||| ||geo|| | ||
| 020 | _a9994021443 | ||
| 040 | _cGE_BSU | ||
| 041 | _ageo | ||
| 080 | _a821.353.1-394 მ-44 | ||
| 100 |
_aმახაჭაძე, შორენა _93197 |
||
| 245 |
_aპირველად იყო მითი: წ. 1 / _cშორენა მახაჭაძე ; რედ. თინა შიოშვილი. |
||
| 264 |
_aბათუმი : _bგამ-ბა აჭარა, _c2004. |
||
| 300 |
_a207გვ. ; _c20 სმ. |
||
| 501 | _aპირთა საძიებ. გვ. : 198-207 | ||
| 541 | _h8ლ. | ||
| 653 | _aმითოლოგია | ||
| 653 | _aპირველად იყო მითი | ||
| 653 | _aქართული მითოლოგია | ||
| 700 |
_aშიოშვილი, თინა _eრედაქტორი _91855 |
||
| 942 |
_cBK _2udc |
||